|
|
|
|
| LEADER |
00000ckm a2200000 a 4500 |
| 001 |
vtls001203028 |
| 003 |
SK-MaSNL |
| 005 |
20260331202827.0 |
| 007 |
kf co |
| 008 |
231121s1988 xo g 0kuslo |
| 015 |
|
|
|a SNBG1988
|
| 035 |
|
|
|a SNK000146098
|
| 035 |
|
|
|a urn:nbn:sk:snk-km45vel
|
| 035 |
|
|
|a 34349FF5-5AA2-4740-A8F3-706BC6BF5879
|
| 035 |
|
|
|a urn:nbn:sk:snk-km00fae6
|
| 040 |
|
|
|a SNK
|b slo
|c SNK
|e AACR2
|
| 041 |
0 |
|
|a slo
|
| 043 |
|
|
|a e-xo---
|
| 044 |
|
|
|a xo
|c SK
|
| 072 |
|
7 |
|a 913
|x Regionálna geografia
|2 konspekt
|
| 080 |
|
|
|a 913(437.6)
|2 2011
|
| 080 |
|
|
|a 908(437.6)
|2 2011
|
| 080 |
|
|
|a 725.1:615.838
|2 2011
|
| 080 |
|
|
|a 721
|2 2011
|
| 080 |
|
|
|a 712.253
|2 2011
|
| 080 |
|
|
|a 711.455:615.838
|2 2011
|
| 080 |
|
|
|a 614.2:[725.1:614.21]
|2 2011
|
| 080 |
|
|
|a (234.372)
|2 2011
|
| 080 |
|
|
|a (084.121)
|2 2011
|
| 080 |
|
|
|a 556.55
|2 2011
|
| 100 |
1 |
|
|a Cincík, Jozef,
|d 1908-1982
|4 pht
|9 55163
|
| 245 |
1 |
0 |
|a Rajecké Teplice
|h grafika
|b výhľad zo Skalky na Malú Fatru : Labutie jazero : Liečebný ústav Baník : Kúpeľný park
|c foto: J. Cincík, E. Čeňková, J. Sekal ; výtvarný návrh: S. Štubňa
|
| 246 |
1 |
|
|i Názov na obrazovej časti:
|a Rajecké Teplice
|
| 260 |
|
|
|a Bratislava
|b ČSTK-Pressfoto
|c 1988
|e Skalica
|f Grafobal
|
| 300 |
|
|
|a 1 pohľadnica (4 čiastkové pohľady)
|b farebná
|c 15 x 11 cm
|
| 520 |
8 |
|
|a Zobrazenie: V bielosivom orámovaní jeden pohľad z kopca so skalou v popredí na lúky a kopce v diaľke, jeden pohľad na jazero s labuťou a tromi husami v popredí, na ktorom sa člnkujú ľudia, jeden pohľad z trávnika s kvetovou výzdobou na liečebný ústav v pozadí a jeden pohľad na park s kvetmi, v ktorom je budova v pozadí medzi stromami
|
| 610 |
2 |
7 |
|a Liečebný dom Baník (Rajecké Teplice, Slovensko)
|2 SNKKA
|9 296831
|
| 650 |
0 |
7 |
|a kúpeľné budovy
|2 SNKPH
|9 102104
|
| 650 |
0 |
7 |
|a liečebne
|2 SNKPH
|9 56920
|
| 650 |
0 |
7 |
|a budovy
|2 SNKPH
|9 1283
|
| 650 |
0 |
7 |
|a kúpele
|2 SNKPH
|9 1139
|
| 650 |
0 |
7 |
|a jazerá
|2 SNKPH
|9 19987
|
| 650 |
0 |
7 |
|a parky
|2 SNKPH
|9 2942
|
| 651 |
|
7 |
|a Rajecké Teplice (Slovensko)
|2 SNKPHgeo
|9 25477
|
| 651 |
|
7 |
|a Malá Fatra (Slovensko : pohorie)
|2 SNKPHgeo
|9 56372
|
| 651 |
|
7 |
|a Strážovské vrchy (Slovensko : pohorie)
|2 SNKPHgeo
|9 68108
|
| 655 |
|
7 |
|a geografické pohľadnice
|2 SNKPH
|9 70522
|
| 655 |
|
7 |
|a miestne pohľadnice
|2 SNKPH
|9 70510
|
| 700 |
1 |
|
|a Čenková, Emília
|4 pht
|9 177114
|
| 700 |
1 |
|
|a Sekal, Josef,
|d 1936-
|4 pht
|9 83549
|
| 700 |
1 |
|
|a Štubňa, Stanislav
|c (grafik)
|4 art
|9 283307
|
| 852 |
|
|
|a Slovenská národná knižnica
|
| 954 |
|
|
|a pohľadnice pôvodné (slovenské)
|2 lita
|
| 954 |
|
|
|a pohľadnice cudzojazyčné (svetové)
|2 lita
|
| 958 |
|
|
|a GBN
|
| 958 |
|
|
|a GC
|
| 958 |
|
|
|a OND
|
| 958 |
|
|
|a EUIPO
|
| 999 |
|
|
|c 861916
|d 863846
|
| 952 |
|
|
|a SNK
|b SNK
|y PREZ
|7 0
|p 17A1291947
|o snkSP 140376
|i snk73/89
|8 0
|0 0
|1 0
|4 0
|d 2020-11-16
|f 1
|l 0
|r 2026-02-24 05:15:21
|w 2026-02-24
|
| 952 |
|
|
|a SNK
|b SNK
|y PREZ
|7 0
|p 17A1291946
|o snkSP 140376 D1
|i snk74/89
|8 0
|0 0
|1 0
|4 0
|d 2020-11-16
|l 0
|r 2026-02-24 05:15:21
|w 2026-02-24
|